000 00830nam a2200265 i 4500
001 000023249
003 DO-SdBNP
005 20250819083735.0
007 ta
008 101013s1982 dr r 001 0 spa d
040 _aDO-SdBNP
_bspa
_cBNPHU
_erda
041 _aspa
082 4 _axxxx
_bR173d
_222
100 1 _aRamirez Perez, Ivelisse Prats de,
_eautor
_4aut.
_946461
245 1 4 _aLos días difíciles /
_cIvelisse Prats Ramírez de Pérez.
250 _aPrimera edición
264 1 _aSanto Domingo :
_bEditora Méndez Abreu,
_c1982.
300 _a226 páginas ;
_c21 cm.
336 _atexto
_btxt
_2rdacontent
337 _asin mediación
_bn
_2rdamedia
338 _avolumen
_bnc
_2rdacarrier
500 _aIncluye datos biográficos del autor en la contracubierta
590 _aInventariado, 2025/BT
942 _2ddc
_cLBS1
999 _c22746
_d22746